00630nam a2200157Ia 4500008004100000100001800041245011500059245005700174260005300231260000900284300001100293650001500304856006100319999001900380952007300399170221s9999 xx 000 0 und d aSafaie Mangir aDeterminants of E-learning Acceptance among Agricultural Extension Agents in Malaysia: A Conceptual Framework  cSafaie Mangir, Zakirah Othman, Zulkifli Mohamed Udin bInternational Review of Management and Marketing c2016 a6 : 8S xMarketing. uhttp://www.econjournals.com/index.php/irmm/issue/view/97 c308174d308174 001040aCLbCLd2017-02-21l0r2017-02-21 00:00:00w2017-02-21yFOJ